00425nam a2200121Ia 4500008004100000024005600041082001800097100007100115245003200186260002500218600002700243650003300270250506s9999 xx 000 0 und d a12B-188-EL, 13B-132-EL, 13B-134-EL & 13B-146-EL a625.39072 SYE aSyed Sajjad Ali, Syed Hassan Ahmed, Danish Muzammil & Somal Shaikh 0aBiometric Attendance System aKarachi:bUIT,c2013 aElectrical Engineering aBachelor of Engineering (BE)